Sobre las aras del Santuario de Donon (Hio: Pontevedra) supuestamente dedicadas a Liber / (Record no. 104491)

MARC details
000 -LEADER
campo de control de longitud fija 00864nam a2200217 i 4500
001 - NÚMERO DE CONTROL
campo de control 104491
003 - IDENTIFICADOR DE NÚMERO DE CONTROL
campo de control ES-MaACL
005 - FECHA Y HORA DE LA ÚLTIMA TRANSACCIÓN
campo de control 20250816063135.0
007 - CAMPO FIJO DE DESCRIPCIÓN FÍSICA--INFORMACIÓN GENERAL
campo de control de longitud fija t|
008 - DATOS DE LONGITUD FIJA--INFORMACIÓN GENERAL
campo de control de longitud fija 051130s1978 sp f |||| | spa d
100 1# - ENTRADA PRINCIPAL--NOMBRE DE PERSONA
Nombre de persona Millán González-Pardo, Isidoro,
Títulos y otros términos asociados al nombre Conde de Quirós,
Fechas asociadas al nombre 1922-2002
9 (RLIN) 170410
245 10 - MENCIÓN DEL TÍTULO
Título Sobre las aras del Santuario de Donon (Hio: Pontevedra) supuestamente dedicadas a Liber /
Mención de responsabilidad, etc. por Isidoro Millán González-Pardo.
260 ## - PUBLICACIÓN, DISTRIBUCIÓN, ETC.
Lugar de publicación, distribución, etc. Vigo :
Nombre del editor, distribuidor, etc. Ayuntamiento,
Fecha de publicación, distribución, etc. 1978.
300 ## - DESCRIPCIÓN FÍSICA
Extensión 38 p., 3 lám. ;
Dimensiones 24 cm.
490 1# - MENCIÓN DE SERIE
Mención de serie Publicaciones del Museo Municipal "Quiñones de León" ;
Designación de volumen o secuencia 1
650 #4 - PUNTO DE ACCESO ADICIONAL DE MATERIA--TÉRMINO DE MATERIA
Término de materia o nombre geográfico como elemento de entrada Inscripciones latinas-
Subdivisión geográfica Pontevedra.
9 (RLIN) 170409
710 1# - ENTRADA AGREGADA--NOMBRE DE ENTIDAD CORPORATIVA
Nombre de entidad corporativa o nombre de jurisdicción como elemento de entrada Vigo.
Unidad subordinada Ayuntamiento.
9 (RLIN) 170411
830 0# - PUNTO DE ACCESO ADICIONAL DE SERIE-TÍTULO UNIFORME
Título uniforme Publicaciones del Museo Municipal "Quiñones de León" ;
Designación de volumen o secuencia 1
9 (RLIN) 232641
852 ## - LOCALIZACIÓN
Ubicación ES-MaACL
Número de control de estantería 2121-F-9
Holdings
Estatus retirado Estado de pérdida Estado de daño No para préstamo Colección Biblioteca de origen Biblioteca actual Ubicación en estantería Fecha de adquisición Fuente de adquisición Total de préstamos Signatura topográfica completa Código de barras Visto por última vez Precio de reemplazo Tipo de ítem Koha
        Colección de folletos Biblioteca del Ateneo de Madrid Biblioteca del Ateneo de Madrid Depósito folletos 17/01/2008     2121-F-9 1109096 23/02/2023 23/02/2023 Folleto